000 00271nam a2200109Ia 4500
008 220204s9999 xx 000 0 und d
082 _a796.5(540)
_bBEN
100 _aBendre, V P
245 0 _aTourism in India
260 _aAurangabad
_bPrimal Prakashan
_c1979
942 _cBK
999 _c33113
_d33113